Statistics for Guess the Badly Drawn Logos #2

Click here to take the quiz!

General Stats

  • This quiz has been taken 204 times
  • The average score is 8 of 12

Answer Stats

Answer% Correct
Chrome
97%
Firefox
96%
Louis Vuitton
96%
Snapchat
95%
Wendy's
95%
Lays
94%
Starbucks
93%
Safari
92%
Pringles
90%
Warner Bros
90%
Samsung
88%
Champion
87%
Spotify
87%
Among Us
86%
Instagram
86%
Kahoot
86%
Dunkin' Donuts
85%
Playboy
85%
Shell
85%
Reddit
84%
Disney
81%
UPS
81%
Levi's
79%
Google Maps
78%
Cartoon Network
77%
WhatsApp
77%
Discord
76%
Internet Explorer
74%
Visa
72%
Lexus
71%
Volkswagen
71%
FILA
68%
LinkedIn
68%
Rolex
68%
Duolingo
63%
Lululemon
61%
The North Face
58%
WWF
57%
Air Jordan
56%
American Airlines
52%
CapCut
50%
NBC
50%
Lacoste
48%
Hershey's
42%
Tommy Hilfiger
35%
Suzuki
33%
Skype
24%
Blu-Ray
20%
Vodafone
20%
Crazygames
3%

Score Distribution

Percentile by Number Answered

Percent of People with Each Score

Your Score History

You have not taken this quiz